000 00550nam a2200193Ia 4500
001 1952
003 GE_BSU
008 181216s||||||||xx |||||||||||||| ||und||
040 _cGE_BSU
080 _a34(035)
245 _aЮридический справочник для населения
260 _aМосква
260 _bЮридическая литература
260 _c1988
300 _a623 стр. 21см.
541 _h20л.
653 _aЮридический справочник для населения
942 _cBK
999 _c36052
_d36052